Coulson & Richardson's chemical engineering. (Record no. 158949)

MARC details
000 -LEADER
fixed length control field 01002nam a2200265 a 4500
008 - FIXED-LENGTH DATA ELEMENTS--GENERAL INFORMATION
fixed length control field
020 ## - INTERNATIONAL STANDARD BOOK NUMBER
International Standard Book Number 0080420834 (pbk.)
049 ## - LOCAL HOLDINGS (OCLC)
Holding library MAIN
090 ## - LOCALLY ASSIGNED LC-TYPE CALL NUMBER (OCLC); LOCAL CALL NUMBER (RLIN)
Classification number (OCLC) (R) ; Classification number, CALL (RLIN) (NR) TP155
Local cutter number (OCLC) ; Book number/undivided call number, CALL (RLIN) COU
003 - CONTROL NUMBER IDENTIFIER
control field
005 - DATE AND TIME OF LATEST TRANSACTION
control field 20230123134034.0
040 ## - CATALOGING SOURCE
Transcribing agency NUST
100 1# - MAIN ENTRY--PERSONAL NAME
Personal name Coulson, J.M.
245 10 - TITLE STATEMENT
Title Coulson & Richardson's chemical engineering.
Number of part/section of a work vol. 4. :
Remainder of title solutions to the problems in chemical engineering volume 1 /
Statement of responsibility, etc. J.M. Coulson and J.F. Richardson ; edited by J.R. Blackhurst and J.H. Harker.
260 ## - PUBLICATION, DISTRIBUTION, ETC.
Place of publication, distribution, etc. Oxford :
Name of publisher, distributor, etc. Pergamon,
Date of publication, distribution, etc. 1994.
300 ## - PHYSICAL DESCRIPTION
Extent ix, 264 p. ;
Dimensions 25 cm.
650 0# - SUBJECT ADDED ENTRY--TOPICAL TERM
Topical term or geographic name entry element Chemical engineering.
700 1# - ADDED ENTRY--PERSONAL NAME
Personal name Richardson, J. F.
700 1# - ADDED ENTRY--PERSONAL NAME
Personal name Blackhurst, J. R.
700 ## - ADDED ENTRY--PERSONAL NAME
Personal name Harker, J. H.
740 ## - ADDED ENTRY--UNCONTROLLED RELATED/ANALYTICAL TITLE
Uncontrolled related/analytical title Chemical engineering : volume 4 solutions to the problems in chemical engineering 1.
740 ## - ADDED ENTRY--UNCONTROLLED RELATED/ANALYTICAL TITLE
Uncontrolled related/analytical title Solutions to the problems in chemical engineering 1 : Chemical engineering, volume 4.
907 ## - LOCAL DATA ELEMENT G, LDG (RLIN)
a .b10115596
b 28-03-13
c 25-03-04
942 ## - ADDED ENTRY ELEMENTS (KOHA)
Koha item type Ordinary Loan Books
Call number prefix TP155
Call number suffix COU
Holdings
Date last seen Total Checkouts Full call number Barcode Cost, replacement price Price effective from Koha item type Lost status Source of classification or shelving scheme Damaged status Not for loan Collection Withdrawn status Home library Current library Shelving location Date acquired Cost, normal purchase price
01/23/2023 42 TP155 COU 92003018562 80.00 01/23/2023 BOOKS   LCC     NFIC   MAIN MAIN GEN 01/23/2023 80.00